Method in ecology : strategies for conservation
Saved in:
| Main Author: | |
|---|---|
| Other Authors: | |
| Format: | Book |
| Language: | English |
| Published: |
Cambridge University Press,
1993
|
| Subjects: | |
| Tags: |
Add Tag
No Tags, Be the first to tag this record!
|
MARC
| LEADER | 00000nam a2200000 i 4500 | ||
|---|---|---|---|
| 001 | 1/101530 | ||
| 008 | 950428s1993 eng d | ||
| 020 | |a 0-521-44693-7 | ||
| 035 | |l 10012142 | ||
| 040 | |a GR-MY-UA |b gre |e aacr | ||
| 041 | 0 | |a eng | |
| 082 | 0 | |a 574.501 | |
| 100 | 1 | |a Shrader-Frechette, K. S. |q (Kristin Sharon) | |
| 245 | 1 | 0 | |a Method in ecology : |b strategies for conservation / |c K. S. Shrader-Frechette and E. D. McCoy |
| 260 | |b Cambridge University Press, |c 1993 | ||
| 300 | |a 328 p. | ||
| 504 | |a Includes bibliographical referenses and index | ||
| 650 | 0 | 0 | |a Ecology |x Philosophy. |
| 650 | 0 | 0 | |a Nature conservation |x Philosophy. |
| 700 | 1 | |a McCoy, Earl D. | |
| 852 | |a INST |b LESVOS |e 19950428 |h 574.501 SHR |p 005100001035 |q 005100001035 |t BK |y 0 | ||
| 909 | |a Λ |b 040751 | ||
| 950 | |a 077-1995-02-23 | ||